Újabb felszereléssel egészítették ki a fehértói laboratórium berendezését halbetegségek tanulmányozására is berendezkedtek
Elmentve itt :
| Dokumentumtípus: | Cikk |
|---|---|
| Megjelent: |
1960-10-20
|
| Sorozat: | Délmagyarország
|
| Kulcsszavak: | Fehértavi rezervátum, Laboratórium Fehértó 1960, Halbetegségek kutatása |
| Online Access: | http://dmarchiv.bibl.u-szeged.hu/54591 |
| LEADER | 00562nab a2200145 i 4500 | ||
|---|---|---|---|
| 001 | delm54591 | ||
| 005 | 20180927141904.0 | ||
| 008 | 180927s1960 hu o 0|| hun d | ||
| 040 | |a SZTE Délmagyarország Archívum |b hun | ||
| 041 | |a hun | ||
| 245 | 0 | 0 | |a Újabb felszereléssel egészítették ki a fehértói laboratórium berendezését |h [elektronikus dokumentum] : |b halbetegségek tanulmányozására is berendezkedtek |
| 260 | |c 1960-10-20 | ||
| 300 | |a 3 | ||
| 490 | 0 | |a Délmagyarország | |
| 695 | |a Fehértavi rezervátum, Laboratórium Fehértó 1960, Halbetegségek kutatása | ||